000
00260nam a2200109Ia 4500
008
220204s9999 xx 000 0 und d
082
_a
802
_b
STR.3
100
_a
Strevens, Peter
245
0
_a
English 901: Book 3
260
_a
London
_b
Cassell
_c
1978
942
_c
BK
999
_c
30385
_d
30385